City Countdown - India - Statistics

General Stats
  • This quiz has been taken 14 times
  • The average score is 8 of 10
Answer Stats
Rank City % Correct
#2 Delhi
92%
#6 Hyderabad
92%
#3 Kolkata
92%
#1 Mumbai
92%
#4 Chennai
85%
#8 Pune
85%
#7 Ahmedabad
77%
#5 Bengaluru
77%
#10 Jaipur
77%
#9 Surat
62%
No matching quizzes found
Score Distribution
Percent of People with Each Score
Percentile by Number Answered
Your Score History
You have not taken this quiz